000
00209 a2200097 4500
001
47370
100
_a
Thompson R
245
_a
The price of victory
260
_a
London
_b
Constable
_c
090
_c
30405
_d
30405
942
_a
NUST-CAE
_c
M
_c
22676
999
_c
282443
_d
282443